000 00573nam a2200169Ia 4500
001 13844
005 20170328092925.0
008 140402s9999 xx 000 0 und d
040 _cPK-LaUMT
082 _aZIAC 297
_bMUH-I
100 _aMuhammad Zaheer ud Din Bhatti = محمد ظہیر الدین بھٹی
245 _aIslam = اسلام :
_bdastoor-e-Hayat = دستور حیات /
_cMuhammad Zaheer ud Din Bhatti = محمد ظہیر الدین بھٹی
260 _aLahore,Pakistan:
_bIslamic Publications,
_c1995
300 _a357 p.
546 _aEN
942 _cBK
999 _c14489
_d14489